The relation of the National mental health act to state health authorities, (Record no. 38071)

MARC details
000 -LEADER
fixed length control field 00615cam a2200205u 4500
001 - CONTROL NUMBER
control field med47000421
003 - CONTROL NUMBER IDENTIFIER
control field DLC
005 - DATE AND TIME OF LATEST TRANSACTION
control field 20260227111559.0
008 - FIXED-LENGTH DATA ELEMENTS--GENERAL INFORMATION
fixed length control field 830216s1947 dcu 000 0 eng
010 ## - LIBRARY OF CONGRESS CONTROL NUMBER
LC control number med47000421
040 ## - CATALOGING SOURCE
Original cataloging agency DLC
Transcribing agency CarP
Modifying agency DLC
043 ## - GEOGRAPHIC AREA CODE
Geographic area code n-us---
050 00 - LIBRARY OF CONGRESS CALL NUMBER
Classification number RA790
Item number .F34
100 1# - MAIN ENTRY--PERSONAL NAME
Personal name Felix, Robert H.
Fuller form of name (Robert Hanna),
Dates associated with a name 1904-
245 14 - TITLE STATEMENT
Title The relation of the National mental health act to state health authorities,
260 ## - PUBLICATION, DISTRIBUTION, ETC.
Place of publication, distribution, etc. [Washington,
Name of publisher, distributor, etc. U. S. Govt. print. off.,
Date of publication, distribution, etc. 1947]
300 ## - PHYSICAL DESCRIPTION
Extent 1 p.l., 9 p.
Dimensions 23 cm.
650 #0 - SUBJECT ADDED ENTRY--TOPICAL TERM
Topical term or geographic name entry element Mental health.
650 #0 - SUBJECT ADDED ENTRY--TOPICAL TERM
Topical term or geographic name entry element Public health
Geographic subdivision United States.

No items available.

Powered by Koha